| 000 | 00549cam a22001697a 4500 | ||
|---|---|---|---|
| 008 | 180718b1999 xxu||||| |||| 00| 0 eng d | ||
| 020 | _a8122005454 | ||
| 082 | _aDx54 D642 | ||
| 100 | _aDixit, J.N. | ||
| 245 |
_aLiberation and beyond: Indo-Bangladesh relations _cby J.N. Dixit |
||
| 260 |
_aDelhi _bKonark _c1999 |
||
| 300 | _a317p. | ||
| 650 | _aIndia --Foreign relations --1947-1984. | ||
| 650 | _aBangladesh --History --Revolution, 1971 | ||
| 650 | _aBangladesh --Foreign relations --India | ||
| 650 | _aIndia --Foreign relations --Bangladesh | ||
| 999 |
_c390030 _d390030 |
||